| 000 | 01074nam a2200265 i 4500 | ||
|---|---|---|---|
| 001 | 106486 | ||
| 003 | ES-MaACL | ||
| 005 | 20250428112926.0 | ||
| 007 | t| | ||
| 008 | 061124s1892 sp |||| | spa d | ||
| 080 | _a626.1(460.27) | ||
| 100 | 1 |
_aFuentes y Birlayn, Ubaldo. _952947 |
|
| 245 | 1 | 3 |
_aLa utilización de las fuerzas naturales y el proyectado Canal de Guadarrama _b: conferencia pronunciada en la noche del 14 de junio de 1892 / _cpor Ubaldo Fuentes y Birlayn. |
| 260 |
_aMadrid : _b[s.n.], _c1892. |
||
| 300 |
_a29 p., [1] h. de map. pleg. ; _c21 cm. |
||
| 500 | _aPrecede al tít.: Ateneo de Madrid. | ||
| 530 | _aDisponible en formato digital. | ||
| 610 | 2 | 4 |
_aAteneo de Madrid- _vConferencias- _yS.XIX. _91910 |
| 651 | 4 |
_aCanal de Guadarrama. _97940 |
|
| 710 | 2 |
_aAteneo de Madrid. _91875 |
|
| 852 |
_aES-MaACL _j2210-F-10 _cDEPOF _zRevisado enlace. 28 de Abril de 2025 |
||
| 856 |
_uhttps://archive.org/details/LaUtilizacinDeLasFuerzasNaturalesYElProyectadoCanalDelGuadarrama/page/n4 _yInternet Archive |
||
| 942 | _2udc | ||
| 999 |
_c106486 _d106486 |
||